| 000 | 00479nam a22001697a 4500 | ||
|---|---|---|---|
| 003 | NUST - PNEC | ||
| 005 | 20170116181033.0 | ||
| 008 | 150905b xxu||||| |||| 00| 0 eng d | ||
| 020 | _a- | ||
| 040 | _cLIBRARY | ||
| 082 | _a621.3192 EDM | ||
| 100 |
_98295 _aEdminister, Joseph A. |
||
| 245 |
_aSchaum's outline of theory and problems of electric circuits in SI units _c Joseph A. Edminister |
||
| 260 | _cc.1965 | ||
| 650 |
_98296 _aElectric circuits _xEE |
||
| 942 |
_2ddc _cBK |
||
| 999 |
_c67825 _d67825 |
||